Statistics Canada (Record no. 120948)

MARC details
000 -LEADER
fixed length control field 00857cai a22001935a 4500
001 - CONTROL NUMBER
control field L155035
008 - FIXED-LENGTH DATA ELEMENTS--GENERAL INFORMATION
fixed length control field 120221u2012 xxk f 000 0 eng d
035 ## - SYSTEM CONTROL NUMBER
System control number (Sirsi) u155035
041 0# - LANGUAGE CODE
Language code of text/sound track or separate title eng
110 2# - MAIN ENTRY--CORPORATE NAME
Corporate name or jurisdiction name as entry element Statistics Canada
9 (RLIN) 6024
245 00 - TITLE STATEMENT
Title Statistics Canada
Medium [electronic resource]
260 ## - PUBLICATION, DISTRIBUTION, ETC.
Place of publication, distribution, etc. Ottawa
Name of publisher, distributor, etc. Statistics Canada
Date of publication, distribution, etc. 2012
520 ## - SUMMARY, ETC.
Summary, etc. Construction statistics for Canada includes construction (general), construction materials, machinery and equipment, non-residential building construction, non-residential engineering construction, residential construction, and all subtopics for Construction.
590 ## - LOCAL NOTE (RLIN)
Local note KA
651 #4 - SUBJECT ADDED ENTRY--GEOGRAPHIC NAME
Geographic name Canada
690 ## - LOCAL SUBJECT ADDED ENTRY--TOPICAL TERM (OCLC, RLIN)
Topical term or geographic name as entry element Cost management
9 (RLIN) 6233
856 40 - ELECTRONIC LOCATION AND ACCESS
Uniform Resource Identifier <a href="https://www5.statcan.gc.ca/subject-sujet/theme-theme.action?pid=2162&lang=eng&more=0">https://www5.statcan.gc.ca/subject-sujet/theme-theme.action?pid=2162&lang=eng&more=0</a>
Public note View the website free of charge at www5.statcan.gc.ca
942 ## - ADDED ENTRY ELEMENTS (KOHA)
Suppress in OPAC 0
Holdings
Withdrawn status Lost status Source of classification or shelving scheme Damaged status Not for loan Home library Current library Shelving location Date acquired Total Checkouts Full call number Barcode Date last seen Copy number Price effective from Koha item type
    Dewey Decimal Classification     Virtual Virtual Online 21/02/2012   WEB-SITE 155035-2001 06/08/2019 1 06/08/2019 Online material